000 01055cam a2200241 a 4500
001 000008417
005 20200929161335.0
008 031031s2003 gt 000 1 spa
040 _aDO-SdBNP
_bspa
_cDLC
_dBNPHU
082 _aG863.44
_bR828u
100 1 _aRossell, Robin,
_d1957-
_922686
245 1 3 _aLa útima tarde del milenio /
_cRobin Rossell.
260 _aGuatemala :
_bCultura,
_c2003.
300 _a99 p. ;
_c21 cm.
490 1 _aNarrativa guatemalteca
_aSerie Augusto Monterroso
_v30
505 0 _aComo Aquella vez en Betesda - La vieja Señal - La última tarde del Milenio - Él viene del cielo - El regalo de los insectos - La ecuación perdida -Ven pájaro verde - Nuestra sonbbra en el jardín - La biblioteca del mal - EL rostro de la madera -El hombre de las dos sombras.
650 4 _aNovela guatemalteca
_95392
650 4 _aLiteratura guatemalteca
_95393
650 4 _aNarrativa guatemalteca
_922687
830 0 _aNarrativa guatemalteca ,
_pSerie Augusto Monterroso ;
_v30
_922688
910 _aCatalogación derivada
049 _aBNGR
999 _c8188
_d8188